Možnosti merania zamestnanosti v cestovnom ruchu

Kritéria identifikácie zamestnanosti v cestovnom ruchu. Komplexný pohľad na meranie zamestnanosti v cestovnom ruchu, pomocou porovnania metodiky výpočtov absolútnych ukazovateľov zamestnanosti v cestovnom ruchu Slovenskej republiky.

Salvato in:
Dettagli Bibliografici
Autore principale: Naňáková, Martina, 1990-
Natura: Capitolo di libro
Lingua:slovacco
Soggetti:
Tags: Aggiungi Tag
Nessun Tag, puoi essere il primo ad aggiungerne!!

MARC

LEADER 00000naa a2200000 4500
001 0260859
005 20240502074133.9
041 0 |a slo 
044 |a SK 
245 1 0 |a Možnosti merania zamestnanosti v cestovnom ruchu 
520 |a Kritéria identifikácie zamestnanosti v cestovnom ruchu. Komplexný pohľad na meranie zamestnanosti v cestovnom ruchu, pomocou porovnania metodiky výpočtov absolútnych ukazovateľov zamestnanosti v cestovnom ruchu Slovenskej republiky. 
610 2 0 |a ruch cestovný 
610 2 0 |a zamestnanosť 
610 2 0 |a meranie 
610 2 0 |a Slovensko 
100 1 |a Naňáková, Martina, 1990-